| 000 | 01022cam a2200253 4500 | ||
|---|---|---|---|
| 001 | ABS65190 | ||
| 008 | 020307n2002 000 0 eng u | ||
| 035 | _a(Sirsi) u117037 | ||
| 100 | _aMcDowall, E. | ||
| 245 | _aRisk transfer in PPP projects | ||
| 260 | _c2002 | ||
| 490 |
_aFacilities Management _v9(5) February 2002, 8-9(2) |
||
| 520 | _aReviews the use of risk assessment techniques through the PPP procurement process. Assesses the extent to which they contribute to project affordability and long-term value for money. Concentration on a risk register during the outline business case phase of the project, can help gain the necessary funding support to allow the project to continue. | ||
| 590 | _aABS | ||
| 650 | _aPUBLIC PRIVATE PARTNERSHIPS | ||
| 650 | _aPUBLIC PRIVATE PARTNERSHIPS | ||
| 650 | _aRISK ASSESSMENT | ||
| 650 | _aProcurement-old | ||
| 650 | _aVALUE FOR MONEY | ||
| 650 | _aRISK ALLOCATION | ||
| 650 | _aOUTLINE BUSINESS CASE | ||
| 690 |
_aProject management _96261 |
||
| 942 | _n0 | ||
| 999 |
_c69726 _d69726 |
||